DB2 recovery expert for multiplatforms (Record no. 210651)
[ view plain ]
| 000 -LEADER | |
|---|---|
| fixed length control field | 01580nam a22003974a 4500 |
| 082 04 - DEWEY DECIMAL CLASSIFICATION NUMBER | |
| Classification number | 005.8/6 |
| 100 1# - MAIN ENTRY--AUTHOR NAME | |
| Personal name | Steegmans, Bart. |
| 245 10 - TITLE STATEMENT | |
| Title | DB2 recovery expert for multiplatforms |
| 250 ## - EDITION STATEMENT | |
| Edition statement | 1st ed. |
| 260 ## - PUBLICATION, DISTRIBUTION, ETC. (IMPRINT) | |
| Place of publication | [San Jose, Calif. : |
| Name of publisher | IBM Corp., International Technical Support Organization], |
| Year of publication | 2002. |
| 300 ## - PHYSICAL DESCRIPTION | |
| Number of Pages | xxii, 270 p. : |
| Other physical details | ill. |
| 490 1# - SERIES STATEMENT | |
| Series statement | IBM redbooks |
| 500 ## - GENERAL NOTE | |
| General note | "SG24-6421-00." |
| General note | "DB2. Data management software"--Cover p. [1]. |
| 650 #0 - SUBJECT ADDED ENTRY--TOPICAL TERM | |
| Topical Term | Database management. |
| Topical Term | Data recovery (Computer science) |
| 700 1# - ADDED ENTRY--PERSONAL NAME | |
| Personal name | Samson, Mark. |
| Personal name | Shah, Manish. |
| 856 40 - ELECTRONIC LOCATION AND ACCESS | |
| Uniform Resource Identifier | http://site.ebrary.com/lib/rucke/Doc?id=10112448 |
No items available.
